|
|
|
|
| LEADER |
01908cam a2200541 i 4500 |
| 001 |
nkc20172938998 |
| 003 |
CZ PrNK |
| 005 |
20171127162952.0 |
| 007 |
ta |
| 008 |
170921s2017 xr acf e 001 0acze d |
| 015 |
|
|
|a cnb002938998
|
| 020 |
|
|
|a 978-80-7390-206-3
|q (vázáno)
|
| 035 |
|
|
|a (OCoLC)1015195185
|
| 040 |
|
|
|a KLG001
|b cze
|d OLA001
|d ABA001
|e rda
|
| 041 |
1 |
|
|a cze
|h eng
|
| 043 |
|
|
|a e-uk-en
|
| 045 |
|
|
|a x5y1
|
| 072 |
|
7 |
|a 78.07
|x Hudebníci, skladatelé a jiná hudební povolání
|2 Konspekt
|9 9
|
| 072 |
|
7 |
|a 929
|x Biografie
|2 Konspekt
|9 8
|
| 080 |
|
|
|a 78.03.011.26.071.2
|2 MRF
|
| 080 |
|
|
|a 929
|2 MRF
|
| 080 |
|
|
|a (410.1)
|2 MRF
|
| 080 |
|
|
|a (092)
|2 MRF
|
| 100 |
1 |
|
|a Collins, Phil,
|d 1951-
|7 ola2002158996
|4 aut
|
| 240 |
1 |
0 |
|a Not dead yet.
|l Česky
|
| 245 |
1 |
0 |
|a Ještě žiju :
|b autobiografie /
|c Phil Collins ; překlad: René Fejl
|
| 264 |
|
1 |
|a Praha :
|b Dobrovský s.r.o.,
|c 2017
|
| 300 |
|
|
|a 432 stran, 32 nečíslovaných stran obrazových příloh :
|b ilustrace (některé barevné), portréty ;
|c 21 cm
|
| 336 |
|
|
|a text
|b txt
|2 rdacontent
|
| 337 |
|
|
|a bez média
|b n
|2 rdamedia
|
| 338 |
|
|
|a svazek
|b nc
|2 rdacarrier
|
| 490 |
1 |
|
|a Knihy Omega
|
| 500 |
|
|
|a Přeloženo z angličtiny
|
| 500 |
|
|
|a Obsahuje rejstřík
|
| 600 |
1 |
7 |
|a Collins, Phil,
|d 1951-
|7 ola2002158996
|2 czenas
|
| 648 |
|
7 |
|a 20.-21. století
|7 ch462155
|2 czenas
|
| 650 |
0 |
7 |
|a populární zpěváci
|7 ph809850
|z Anglie
|y 20.-21. století
|2 czenas
|
| 650 |
0 |
9 |
|a popular singers
|z England
|y 20th-21st centuries
|2 eczenas
|
| 655 |
|
7 |
|a autobiografie
|7 fd131855
|2 czenas
|
| 655 |
|
9 |
|a autobiography
|2 eczenas
|
| 700 |
1 |
|
|a Fejl, René
|7 xx0205605
|4 trl
|
| 830 |
|
0 |
|a Knihy Omega
|0 s
|
| 910 |
2 |
|
|a BOA001
|b 2-1396.414
|
| 920 |
|
|
|a 1148539
|z KLG001
|
| 990 |
|
|
|a BK
|
| 995 |
|
|
|a 01
|
| 991 |
|
|
|b 201711
|c NOV
|
| 996 |
6 |
|
|b 2610722774
|c 2-1396.414
|l MZK
|r Sklad / do 1 hodiny
|n 0
|p p.v.
|w 001637111
|u 000010
|a 1
|e BOA001
|j MZK50
|s P
|